Quizzes
Events
Quiz Creation
Community
Videos
Private Events
Remove Ads
Sign In
Join for FREE
Feedback
Dark Mode
Quiz Categories
Sports
Geography
Music
Movies
Television
Just For Fun
Miscellaneous
History
Literature
Language
Science
Gaming
Entertainment
Religion
Holiday
For Kids
Quiz Lab
Recent
Popular Today
Quiz Kudos Today
Editor Picks
Curator Picks
Quizzes by...
Day
Popularity
Type
Ratings
Length
Year
Community
Subscriptions
Recent Discussions
Orange Saloon
Badges
Playlists
Quests
Create
Leaderboards
Showdown
Live 5
Trivia Bingo
Activity
Puzzle Library
Sporcle Events
Private Events
Virtual Trivia
Globe League
Become a Host
Pub Owners
SporcleCon
Opinionation
Our Games
Videos
Blog
Mobile Apps
Partnerships
Remove Ads and Go Orange
Feedback
Miscellaneous
Crossword
General Knowledge
Baby Names
Logo
Food
Cars
Numbers
Grab Bag
University
College
Popular
Company
Slogans
Restaurants
Justice
Letter
Miscellaneous
Crossword
General Knowledge
Baby Names
Logo
Food
Cars
Numbers
Grab Bag
University
College
Popular
Company
Slogans
Restaurants
Justice
Letter
Random Quiz
Search Sporcle
×
Quiz Lab
Quiz Lab
Miscellaneous
Country
Type in answers that appear in a list
Type in answers that appear in a list
Classic
Best Score? Go Orange.
Coca-Cola flavours/varieties Stats
Can you name the flavours and varieties that have been introduced by Coca Cola over the years?
By
ThomasNUFC
6m
19 Questions
579 Plays
579 Plays
579 Plays
Comments
Comments
Give Quiz Kudos
Give Quiz Kudos
-
- Ratings
hide this ad
More Info
Replay
Link that replays current quiz
Next Quiz
Link to next quiz in quiz playlist
You Got
0%
They Got
Avg Score
51%
Avg Friend Score
Upgrade to see
Score Distribution
Jump to the score distribution portion of the page
Score
0/19
Timer
06:00
0
Plays Today
Drink type
Varieties/flavour
% Correct
Regular
Coca-Cola cherry
87.3%
Diet
Diet Coca-Cola cherry
87%
Diet
Coca-Cola cherry zero
86.5%
Regular
Coca-Cola
79%
Diet
Coca-Cola Zero
77.8%
Regular
Coca-Cola vanilla
73.5%
Regular
New Coke
67.6%
Diet
Diet (Coke light)Coke
63.6%
Regular
Coca-Cola with lemon
63.4%
Regular
Coca-Cola with lime
62%
Drink type
Varieties/flavour
% Correct
Diet
Coca-Cola Orange
41.8%
Diet
Coca-Cola Light Sango (orange)
40.9%
Regular
Coca-Cola Blak (coffee flavoured)
37.1%
Regular
Caffeine-free Coca-Cola
30.3%
Regular
Coca-Cola with raspberry
22.9%
Diet
Coca-Cola C2 (cola)
14.4%
Diet
Diet Coke Plus
14.2%
Regular
Coca-Cola black cherry vanilla
13.9%
Regular
Coca-Cola Citra
8.3%
Quiz Playlist
Details
Report
Send in Message
Add To Playlist
More Info:
This quiz explores the different flavours have added into their drinks over the years.
Classic:
Type in answers that appear in a list
Quiz Source
Last Updated: Feb 16, 2017
Quiz Scoreboard
CHALLENGE
Sign Up to Join the Scoreboard
Show All
Scores
Hide
Comments
May contain spoilers
Recently Published
An Introduction to Baseball
by treessimontrees
Sports
5m
Movies - When Are They Set?
by FPL_Elf
Movies
5m
Popular People in 1961
by mucciniale
History
6m
More to Explore
Quiz From the Vault
Featured Blog Post
Where Did the Easter Bunny Come From?
hide this ad
You Might Also Like...
Tags
Country Quiz
coca
coca-cola
cola
Drink
Flavour
origin
Variety
Today's Top Quizzes in Miscellaneous
Browse Miscellaneous
hide this ad
Today's Top Quizzes in Country
Browse Country
Top Contributed Quizzes in Miscellaneous
1
5-to-1: Fast Food
2
The JOE quick-fire general knowledge quiz: Day 173
3
The JOE quick-fire general knowledge quiz: Day 172
4
Sunday Crossword: Famous Bodies of Water
5
The JOE quick-fire general knowledge quiz: Day 171
6
One Thing in Common: United Kingdom II
7
Named After an Animal - Odd One Out!
8
The JOE quick-fire quiz: Day 170
9
sort kpop groups by number of members
10
Sunday Crossword: Themeless #5
Explore More
Trending Topics
Harry Potter
Anime
Kpop
Crossword
NBA
Disney
Marvel
NFL
Soccer
The Office
WWE
Puzzle
Country
Pokémon
Song
hide this ad
More By:
ThomasNUFC
Quiz
Plays
Rating
Category
Featured
Created
General Pub Quiz
26,811
2.38
Miscellaneous
Jul 8, 2010
Father Ted Trivia
6,768
3.69
Television
Jun 16, 2010
Top 10 UK Supermarkets
4,765
3.48
Miscellaneous
Sep 22, 2010
The IT Crowd
4,646
3.43
Television
Jun 17, 2010
Newcastle United 10/11 Squad
2,241
2.83
Sports
Sep 12, 2010
Go to Creator's Profile
Score Distribution
Quiz Creator Spotlight
ThomasNUFC
Follow
Send a Message
Quizzes Created
-
Created Quiz Play Count
-
More By This Creator
Popular Quizzes Today
1
Find the Countries of Europe - No Outlines Minefield
2
Find the US States - No Outlines Minefield
3
The Countries of the World
4
Popular People in 1961
5
US States
6
1-10 Letter E Words III
7
Find the US States
8
Risky Map Clicking: Biggest States A-Z
More Miscellaneous Quizzes
Fish in Words
Published
Trending Quizzes
Risky Map Clicking: Least Populous States A-Z
1-10 Letter F Words
1-10 Letter G Words
One Thing in Common: United Kingdom
Risky Map Clicking: Next State Alphabetically
Recently Updated
Leaping Animals
pecheneg
Reality TV Shows (A-Z)
bhenderson79
Rickey Henderson's Hall of Fame Teammates
pecheneg
Champions League XIs: Arsenal
pecheneg
Quick Pick: Celebrities in WWE's Hall of Fame
aduchscher
A-Z Keypad Blitz II
pecheneg
Multiple Oscar Actors
pecheneg
Mystery Phrase Blitz: Oscar 'Best Actors'
pecheneg
F. Scott Fitzgerald Novels
LTH
Pick 3 Villains
ddd62291
Trending Topics
Harry Potter
Disney
Crossword
Anime
NBA
Kpop
Marvel
WWE
Puzzle
The Office
Song
Pokémon
Soccer
NFL
Country
Your Account Isn't Verified!
In order to create a playlist on Sporcle, you need to verify the email address you used during registration. Go to your
Sporcle Settings
to finish the process.
Report this User
Report this user for behavior that violates our
Community Guidelines
.
Details:
Send Report
Go to the Sporcle.com Mobile Site →
Comments